[Event "Senigallia Perini Memorial 3rd"]
[Site "Senigallia"]
[Date "2009.08.05"]
[Round "5"]
[White "Briffault, Philippe"]
[Black "Patrucco, Carlo"]
[Result "0-1"]
[WhiteElo "1954"]
[BlackElo "1815"]
[PlyCount "74"]
[EventDate "2009.08.01"]
[EventType "swiss"]
[EventRounds "9"]
[EventCountry "ITA"]
[SourceTitle "EXT 2010"]
[Source "ChessBase"]
[SourceDate "2010.11.25"]
[SourceVersion "1"]
[SourceVersionDate "2010.11.25"]
[SourceQuality "1"]

1. d4 Nf6 2. Nf3 c5 3. d5 b5 4. c4 g6 5. Nc3 b4 6. Nb1 a5 7. a4 Bg7 8. Nbd2 d6 9. e4 Nbd7 10. h3 0-0 11. Bd3 e6 12. 0-0 Ba6 13. Qc2 exd5 14. cxd5 Bxd3 15. Qxd3 Re8 16. Rb1 Nb6 17. Re1 Nxa4 18. Nc4 Nb6 19. Nxb6 Qxb6 20. e5 dxe5 21. Nxe5 Qd6 22. Bf4 Qxd5 23. Qb5 c4 24. Qb6 Nd7 25. Nxd7 Rxe1+ 26. Rxe1 Qxd7 27. Be5 c3 28. bxc3 bxc3 29. Bxg7 Kxg7 30. Qc5 Qd2 31. Qe5+ Kg8 32. Re2 Qd1+ 33. Kh2 c2 34. Qe4 Rc8 35. Re1 Qxe1 36. Qxe1 c1Q 37. Qxa5 Qc7+ 0-1

[Event "Milan Citta op-A"]
[Site "Milan"]
[Date "2007.05.20"]
[Round "4"]
[White "Patrucco, Carlo"]
[Black "Di Chiara, Mauro"]
[Result "1-0"]
[WhiteElo "1685"]
[BlackElo "1794"]
[PlyCount "41"]
[EventDate "2007.05.18"]
[EventType "swiss"]
[EventRounds "5"]
[EventCountry "ITA"]
[SourceTitle "EXT 2010"]
[Source "ChessBase"]
[SourceDate "2010.11.25"]
[SourceVersion "1"]
[SourceVersionDate "2010.11.25"]
[SourceQuality "1"]

1. e4 d6 2. d4 Nf6 3. Nc3 c6 4. f4 Qa5 5. Bd3 Bg4 6. Nf3 e5 7. dxe5 dxe5 8. f5 Bc5 9. h3 Bxf5 10. exf5 e4 11. Bxe4 Nxe4 12. Qe2 Kd8 13. Bg5+ f6 14. 0-0-0+ Nd6 15. Bf4 Re8 16. Qd3 Na6 17. Bxd6 Nb4 18. Qc4 Bxd6 19. Rxd6+ Kc7 20. Rhd1 Nd5 21. R6xd5 1-0